000 01485nam a2200373 i 4500
001 184306
003 ES-MaACL
005 20250307141812.0
008 150615s2015 sp |||| | spa d
020 _a978-84-943570-4-6
080 _a821.134.2-1"19"
100 1 _aLosada, Miguel
_974261
245 1 0 _aTodas las estrellas solitarias /
_cMiguel Losada ; [prólogo de Fermín Higuera].
246 3 5 _aTodas las estrellas solitarias
_b: 1990-2014
250 _a1ª ed.
260 _aMadrid :
_bVitruvio,
_c2015.
300 _a293 p. ;
_c21 cm.
490 1 _aColección Baños del Carmen ;
_v487
505 8 _aContiene: ;
_tAceptación y antagonismo de la melancolía /
_rFermín Higuera. --
_tLos campos de la noche ;
_tEl bosque azul ;
_tLas ciudades del cielo ;
_tÚltima forma ;
_tLas orillas oscuras ;
_tLa seda otorgada ;
_tPoemas ausentes
700 1 _aHiguera, Fermín.
_963645
740 4 2 _aLos campos de la noche.
740 3 2 _aEl bosque azul.
740 4 2 _aLas ciudades del cielo.
740 0 2 _aÚltima forma.
740 4 2 _aLas orillas oscuras.
740 3 2 _aLa seda otorgada.
740 0 2 _aPoemas ausentes.
830 0 _aColección Baños del Carmen
_v487
_9183030
852 _aES-MaACL
_jA-13545
_9 191302
_bR.150435
_cDEPO1
_dOlim: N-6545
_gDedicatoria autógrafa del autor
_hDonacion: Miguel Losada
903 _aLosada, Miguel
_ednr
_974261
942 _2udc
_cMONOGRAFIA
999 _c184306
_d184306